期刊信息 |
| 索取号 |
I21/ZHJWX
|
| 题名 |
传记文学
|
| 作者 |
传记文学编辑部
|
| 分册号 |
|
| 分册名 |
|
| 出版地 |
北京
|
| 出版者 |
文化艺术出版社
|
| 标准刊号 |
1003-0255
|
| 出版频率 |
月刊
|
| 中图法分类 |
I25
|
| 主题词 |
文学 作品集 中国
|
| 电子资源 | |
| |
|
| 000 | 01138nas002200385 45 | |
| 001 | 1196080614 | |
| 005 | 20070321172044.60 | |
| 011 | @a1003-0255@dCNY19.80(2021) | |
| 091 | @aCN@b11-1090 | |
| 092 | @aCN@b82-370 | |
| 100 | @a19930709a19849999ekmy0chiy0121 eb | |
| 101 | 0 | @achi |
| 102 | @aCN@b110000 | |
| 110 | @aagapp 0yu0 | |
| 200 | 1 | @a传记文学@AZHUAN JI WEN XUE@f传记文学编辑部@FZhuan Ji Wen Xue Bian Ji Bu |
| 207 | 0 | @ano.1(1984)~no.5(1986);1987,no.1(1987)~=总6~ |
| 210 | @a北京@c文化艺术出版社@d1984~ | |
| 215 | @d26cm | |
| 326 | @a月刊 | |
| 326 | @a双月刊@b1989~?? | |
| 326 | @a不定期@b1984~87 | |
| 326 | @a季刊@b1988 | |
| 327 | 0 | @a将帅文采@a华夏之英@a人生际遇@a创造者之歌@a名人轶事@a外国名人 |
| 345 | @a北京市前海西街17号(邮码100009) | |
| 540 | 1 | @a传记 文学@AZHUAN JI WEN XUE |
| 541 | 1 | @aBiography@zeng |
| 606 | 0 | @a文学@x作品集@x中国 |
| 610 | 0 | @a传记文学 |
| 676 | @a895.1@v19 | |
| 690 | @aI25@v3 | |
| 690 | @aI21@v4 | |
| 701 | 0 | @a涂光群@ATU GUANG QUN@4主编 |
| 711 | 0 | @a传记文学编辑部@AZhuan Ji Wen Xue Bian Ji Bu |
| 801 | 0 | @aCN@bPFT@c20070321 |
| 905 | @a1@cQ@dI21@eZHJWX | |
| 传记文学/传记文学编辑部.-no.1(1984)~no.5(1986);1987,no.1(1987)~=总6~.-北京:文化艺术出版社,1984~ |
| 26cm |
| 北京市前海西街17号(邮码100009)!T订购地址:* |
| 部分内容:将帅文采;华夏之英;人生际遇;创造者之歌;名人轶事;外国名人 |
| ISSN 1003-0255:CNY19.80(2021) |
| ● |
| 相关链接: |
|
|
|
|